Fast Typing 3 Letter Quiz - Statistics

General Stats
  • This quiz has been taken 260 times
    241 since last reset
  • The average score is 15 of 20
Answer Stats
No. Word Repeat % Correct
1 Red Red
100%
2 You You
100%
3 Bad Bad
99%
4 Him Him
99%
5 Cut Cut
96%
6 The The
94%
7 Hey Hey
92%
8 Yes Yes
87%
9 Kid Kid
82%
11 Son Son
79%
10 Wet Wet
79%
12 Not Not
77%
13 Can Can
72%
14 Got Got
67%
15 End End
62%
16 His His
53%
17 She She
47%
18 Her Her
40%
19 Any Any
38%
20 Man Man
38%
No matching quizzes found
Score Distribution
Percent of People with Each Score
Percentile by Number Answered
Your Score History
You have not taken this quiz since the last reset